000 00635cab a2200229 4500
001 WB2348-40
008 090401t1987 xxu||||| |||| 00| 0 eng d
035 _a(Sirsi) u63721
041 _aeng
245 _aSeabed city
260 _c1987
350 _a0
490 _aDaily Telegraph
_v27/11/87 p14
520 _aThe Japan ese have announced plans for the construction of a city for two million people under the Pacific Ocean .
650 _aARTIFICIAL ISLANDS
650 _aMARINNATION
650 _aOCEANS
650 _aSHIMIZU CONSTRUCTION
690 _aPLANNING LAW AND PRACTICE
942 _n0
948 _c04/03/1997
999 _c39627
_d39627